000
00308nam a22001217a 4500
041
_a
ENG
100
_a
621.878 / 879.0014
245
_a
Earth - Moving Machinery - Definitions Of Dimensions And Symbols
260
_a
New Delhi
_b
BIS
_c
1993
300
_a
10
650
_a
BIS Test Code
856
_u
BIS Test Code
999
_c
2010
_d
2010